[Event "Regionalliga Nord-West 1819"]
[Site "Bayern"]
[Date "2018.11.25"]
[Round "3.1"]
[White "Michalek, Michal"]
[Black "Seidel, Peter"]
[Result "1-0"]
[WhiteElo "2161"]
[BlackElo "2103"]
[PlyCount "87"]
[EventDate "2018.10.21"]
[EventType "team-tourn"]
[EventRounds "9"]
[EventCountry "GER"]
[SourceTitle "EXT 2022"]
[Source "ChessBase"]
[SourceDate "2021.10.06"]
[SourceVersion "1"]
[SourceVersionDate "2021.10.06"]
[SourceQuality "1"]
[WhiteTeam "Seubelsdorf"]
[BlackTeam "Hoechstadt/Aisch"]
[WhiteTeamCountry "GER"]
[BlackTeamCountry "GER"]

1. d4 Nf6 2. c4 c5 3. d5 b5 4. cxb5 a6 5. bxa6 Bxa6 6. Nc3 g6 7. e4 Bxf1 8. Kxf1 d6 9. Nf3 Nbd7 10. g3 Bg7 11. Kg2 0-0 12. Re1 Qa5 13. e5 Ng4 14. Bg5 f6 15. exf6 exf6 16. Bd2 Qb6 17. h3 Nge5 18. b3 Nxf3 19. Qxf3 f5 20. Re6 c4 21. Rb1 Qd4 22. Rd1 cxb3 23. axb3 Ne5 24. Qe3 Qxe3 25. Bxe3 Rfb8 26. Rb1 Ra3 27. Rxd6 Nf7 28. Rc6 Ne5 29. Rc7 Nf7 30. Ne2 Be5 31. Ra7 Rxa7 32. Bxa7 Rb5 33. b4 Nd6 34. Bc5 Nb7 35. Rc1 Kf7 36. Nc3 Rxc5 37. bxc5 Nxc5 38. Nb5 Ne4 39. f4 Bb2 40. Rc7+ Kf6 41. Rxh7 g5 42. d6 Kg6 43. d7 Bf6 44. Rh8 1-0

[Event "Regionalliga Nord-West 1718"]
[Site "Bayern"]
[Date "2018.04.15"]
[Round "9.1"]
[White "Zentgraf, Alexander"]
[Black "Seidel, Peter"]
[Result "0-1"]
[WhiteElo "2150"]
[BlackElo "2133"]
[PlyCount "70"]
[EventDate "2017.10.22"]
[EventType "team-tourn"]
[EventRounds "9"]
[EventCountry "GER"]
[SourceTitle "EXT 2022"]
[Source "ChessBase"]
[SourceDate "2021.10.06"]
[SourceVersion "1"]
[SourceVersionDate "2021.10.06"]
[SourceQuality "1"]
[WhiteTeam "Sailauf"]
[BlackTeam "Hoechstadt/Aisch"]
[WhiteTeamCountry "GER"]
[BlackTeamCountry "GER"]

1. d4 Nf6 2. Nf3 c5 3. e3 g6 4. c4 Bg7 5. d5 0-0 6. Nc3 d6 7. Be2 Bf5 8. 0-0 Na6 9. Ng5 Nc7 10. e4 Bd7 11. a4 a6 12. a5 Rb8 13. e5 Nfe8 14. exd6 exd6 15. h3 b5 16. axb6 Rxb6 17. Bd3 h6 18. Nf3 f5 19. Qc2 g5 20. g3 f4 21. Kh2 Bxh3 22. Kxh3 g4+ 23. Kxg4 Qd7+ 24. Bf5 h5+ 25. Kxf4 Bh6+ 26. Ng5 Ng7 27. g4 hxg4 28. Kxg4 Nxf5 29. Ne6 Nxe6 30. dxe6 Qxe6 31. Qe4 Ne3+ 32. Kh4 Bg5+ 33. Kxg5 Rf5+ 34. Kh4 Qh6+ 35. Kg3 Qg6+ 0-1

[Event "Regionalliga Nord-West 1718"]
[Site "Bayern"]
[Date "2017.10.22"]
[Round "1.1"]
[White "Seidel, Peter"]
[Black "Lang, Stefan1111"]
[Result "0-1"]
[WhiteElo "2133"]
[BlackElo "2046"]
[PlyCount "100"]
[EventDate "2017.10.22"]
[EventType "team-tourn"]
[EventRounds "9"]
[EventCountry "GER"]
[SourceTitle "EXT 2022"]
[Source "ChessBase"]
[SourceDate "2021.10.06"]
[SourceVersion "1"]
[SourceVersionDate "2021.10.06"]
[SourceQuality "1"]
[WhiteTeam "Hoechstadt/Aisch"]
[BlackTeam "Bad Neustadt"]
[WhiteTeamCountry "GER"]
[BlackTeamCountry "GER"]

1. d4 Nf6 2. Nc3 c5 3. d5 d6 4. e4 g6 5. Nf3 Bg4 6. Be2 Bxf3 7. Bxf3 Nbd7 8. 0-0 Bg7 9. a4 0-0 10. Ra3 Rb8 11. Be2 a6 12. Re1 Ne8 13. Bg5 Nc7 14. Qc1 Re8 15. Nd1 b5 16. axb5 axb5 17. Rh3 c4 18. Qf4 Nf8 19. Ne3 f6 20. Bh6 Bxh6 21. Qxh6 e6 22. Rg3 Qd7 23. Ng4 Qe7 24. Qh4 Kg7 25. Rd1 exd5 26. Nh6 Qxe4 27. Ng4 Qf5 28. Qh6+ Kh8 29. Ne3 Qe5 30. f4 Qe7 31. f5 Qg7 32. Qf4 Re5 33. Bf3 Rbe8 34. Ng4 g5 35. Qd2 Rxf5 36. Ne3 Rfe5 37. Ng4 Rf5 38. Ne3 Rfe5 39. Ng4 R5e6 40. Bxd5 Nxd5 41. Qxd5 Qa7+ 42. Kf1 Qc5 43. Qf3 Kg7 44. Rh3 Ng6 45. Rh6 Nh4 46. Rxh4 gxh4 47. g3 h5 48. Rd5 Re1+ 49. Kg2 Qg1+ 50. Kh3 Qf1+ 0-1

[Event "Passau op 8th"]
[Site "Passau"]
[Date "2000.04.21"]
[Round "2"]
[White "Seidel, Peter"]
[Black "Heumann, Joern"]
[Result "0-1"]
[WhiteElo "2178"]
[BlackElo "2029"]
[PlyCount "60"]
[EventDate "2000.04.21"]
[EventType "swiss"]
[EventRounds "7"]
[EventCountry "GER"]
[SourceTitle "CBM 076 Extra"]
[Source "ChessBase"]
[SourceDate "2000.07.11"]
[SourceVersion "1"]
[SourceVersionDate "2000.07.11"]
[SourceQuality "1"]

1. e4 c5 2. Nf3 Nc6 3. d4 cxd4 4. Nxd4 Nf6 5. Nc3 e5 6. Ndb5 d6 7. Bg5 a6 8. Bxf6 gxf6 9. Na3 b5 10. Nd5 f5 11. Bxb5 axb5 12. Nxb5 Ra4 13. Nbc7+ Kd7 14. c4 Rxc4 15. 0-0 Nd4 16. Qh5 Rxc7 17. Qxf7+ Be7 18. b4 Ba6 19. Rfd1 Qf8 20. Nb6+ Kd8 21. Qd5 Bb7 22. Qa5 Qg7 23. Nd5 Bxd5 24. exd5 Rg8 25. g3 Bg5 26. b5 Qd7 27. Rab1 Ke7 28. a4 f4 29. b6 Rb7 30. Qc3 Ne2+ 0-1